000 00839nam a2200241 a 4500
001 372
003 BR-CuiBMT
005 20231103131013.0
008 231102s2018 mgba 000 0 por d
020 _a9788545004479
040 _aBR-CuiBMT
_cBR-CuiBMT
080 _22007
_a351.94:336.148
090 _a351.94:336.148
_bS729e
100 1 _aSouza, Patrícia Verônica Nunes Carvalho Sobral de
245 1 0 _aEscola de contas e o controle social na formação profissional /
_cPatrícia Verônica Nunes Carvalho Sobral de Souza ; prefácio Sebastião Helvecio Ramos de Castro.
260 _aBelo Horizonte :
_bFórum,
_c2018.
300 _a268 p. ;
_c22 cm
504 _aInclui bibliografia.
650 _aAdministração pública
_vEscolas de contas
650 _aFormação profissional
650 _aDireito público
942 _2udc
_cLV
999 _c372
_d372